Handbook of near-infrared analysis /

Gespeichert in:
Bibliographische Detailangaben
Weitere Verfasser: Burns, Donald A., 1929-, Ciurczak, Emil W., 1945-
Format: Buch
Sprache:Englisch
Veröffentlicht: New York M. Dekker c2001.
Ausgabe:2nd ed., rev. and expanded.
Schriftenreihe:Practical spectroscopy ; v. 27
Schlagworte:
Online-Zugang:Publisher description
Book review (E-STREAMS)
Im OPAC anzeigen
Tags: Tag hinzufügen
Keine Tags, Fügen Sie das erste Tag hinzu!

MARC

LEADER 00000cam a22000004a 4500
005 20260127134139.0
008 010418s2001 nyua b 001 0 eng
010 |a 2001-028929 
020 |a 0824705343 (alk. paper) 
035 |a vtls009158219 
039 9 |y 200711121125  |z mschk02 
040 |a DNLM/DLC  |c DLC  |d DLC  |d STUSCHK1 
042 |a pcc 
082 0 0 |a 543/.08583  |2 21 
245 0 0 |a Handbook of near-infrared analysis /  |c edited by Donald A. Burns, Emil W. Ciurczak. 
250 |a 2nd ed., rev. and expanded. 
260 |a New York  |b M. Dekker  |c c2001. 
300 |a xv, 814 p.  |b ill.  |c 24 cm. 
440 0 |a Practical spectroscopy ;  |v v. 27 
504 |a Includes bibliographical references and index. 
650 0 |a Near infrared spectroscopy. 
650 1 2 |a Spectroscopy, Near-Infrared  |x methods. 
700 1 |a Burns, Donald A.,  |d 1929- 
700 1 |a Ciurczak, Emil W.,  |d 1945- 
856 4 2 |3 Publisher description  |u http://www.loc.gov/catdir/enhancements/fy0647/2001028929-d.html 
856 4 2 |3 Book review (E-STREAMS)  |u http://www.e-streams.com/es0411/es0411_1560.htm 
906 |a 7  |b cbc  |c orignew  |d 1  |e ocip  |f 20  |g y-gencatlg 
910 |a SCHK95 
919 |a 0-8247-0534-3 
925 0 |a acquire  |b 2 shelf copy  |x policy default 
999 |c 5167  |d 5167